01298nac a22003617a 4500001001300000003000900013005001700022008003400039040005400073072001300127090002200140100001500162100002200177100001900199100002200218100001900240100002300259100002100282110004600303245013700349260003800486300001000524490006900534500003400603650000900637650002100646650001700667650001700684909004700701942001700748999001900765952015200784BR2011006009BR-BrBNA20240105123919.0230509b bl.|||m| |||| 00| 0 por d aBR-BrBNAbporcBiblioteca Nacional de Agricultura aF04; T01 a3801 BR20110060091 aMarchi, G.1 aGuilherme, L.R.G.1 aSilva, A.B. da1 aGonçalves, V.C.1 aPinho, P.J. de1 aPierangeli, M.A.P.1 aSilva, O.D.D. da1 aEMBRAPA Cerrados, Planaltina, DF (Brasil)1 aEtrace Express: programa para análise de risco de elementos-traço em fertilizantes inorgânicos - manual e guia de referência3 aPlanaltina, DF (Brasil): c2010.  a31 p. aDocumentos - EMBRAPA Cerrados (Brazil)vno. 290 xISSN 1517-5111 aSummaries (En, Pt); 16 tables aSOLO aCONTAMINAÇÃO aMETAL PESADO aFERTILIZANTE a202312bLúcia Elandec55dLúcia Elande 2AGRISn0cMS c297531d297531 002AGRIS40708Acervo Gerala41918b41918cAGROBASEl0o3801 BR2011006009p3801 BR2011006009r2023-12-18yMSePortaria Interministerial nº 164/94